000 00585nam a2200157 4500
008 160427b xxu||||| |||| 00| 0 eng d
022 _a00014826
082 _2Sept 2015 v. 90, n. 5
_aDPer 657.05
_bAc27
245 _aThe accounting review:
_ba journal of American accounting association/
_cMark L. DeFond, senior editor.
260 _aSarasota, Florida:
_bAmerican Accounting Association,
_cc2015.
300 _avarious paging;
_c25 cm.
500 _aThe Accounting Review.
650 0 _96613
_aAccounting
_vPeriodicals
700 _96614
_aDeFond, Mark L.
_eEditor
942 _2ddc
_cPER
999 _c2053
_d2053